书目信息 |
| 题名: |
运动解剖学
|
|
| 作者: | 王松 主编 | |
| 分册: | ||
| 出版信息: | 武汉 华中科技大学出版社 2014.9 |
|
| 页数: | 276页 | |
| 开本: | 26cm | |
| 丛书名: | 高等院校体育类基础课“十三五”规划教材 | |
| 单 册: | ||
| 中图分类: | G804.4 | |
| 科图分类: | ||
| 主题词: | 运动解剖--yun dong jie pou | |
| 电子资源: | ||
| ISBN: | 978-7-5609-9845-9 | |
| 000 | 01280nam 2200277 450 | |
| 001 | 0100004705 | |
| 005 | 20141028165918.3 | |
| 010 | @a978-7-5609-9845-9@dCNY69.00 | |
| 100 | @a20141028d2014 em y0chiy0121 ea | |
| 101 | 0 | @achi |
| 102 | @aCN@b420000 | |
| 105 | @aak a 000yy | |
| 106 | @ar | |
| 200 | 1 | @a运动解剖学@Ayun dong jie pou xue@d= Sport anatomy@f主编王松@zeng |
| 210 | @a武汉@c华中科技大学出版社@d2014.9 | |
| 215 | @a276页@c图 (部分彩图)@d26cm | |
| 225 | 2 | @a高等院校体育类基础课“十三五”规划教材@Agao deng yuan xiao ti yu lei ji chu ke “shi san wu ”gui hua jiao cai |
| 320 | @a有书目 (第276页) | |
| 330 | @a运动解剖学是人体解剖学的一个分支, 它是在人体解剖学基础上研究体育运动对人体形态结构和生长发育的影响, 探索人体机械运动规律及其与体育运动技术关系的一门学科。运动解剖学是隶属运动人体科学类中的一门重要的基础课程、先导课, 也是体育教育专业的一门必修课。本书分人体的基本构成、运动系统、内脏、脉管系统、感觉器官、内分泌系统等, 从运动解剖学的角度来介绍人体的形态结构及其与体育运动的关系。 | |
| 410 | 0 | @12001 @a高等院校体育类基础课“十三五”规划教材 |
| 510 | 1 | @aSport anatomy@zeng |
| 606 | 0 | @a运动解剖@Ayun dong jie pou |
| 690 | @aG804.4@v5 | |
| 701 | 0 | @a王松@Awang song@4主编 |
| 801 | 0 | @aCN@c20160515 |
| 905 | @a河南城建学院图书馆@dG804.4@eW352 | |
| 运动解剖学= Sport anatomy/主编王松.-武汉:华中科技大学出版社,2014.9 |
| 276页:图 (部分彩图);26cm.-(高等院校体育类基础课“十三五”规划教材) |
| ISBN 978-7-5609-9845-9:CNY69.00 |
| 运动解剖学是人体解剖学的一个分支, 它是在人体解剖学基础上研究体育运动对人体形态结构和生长发育的影响, 探索人体机械运动规律及其与体育运动技术关系的一门学科。运动解剖学是隶属运动人体科学类中的一门重要的基础课程、先导课, 也是体育教育专业的一门必修课。本书分人体的基本构成、运动系统、内脏、脉管系统、感觉器官、内分泌系统等, 从运动解剖学的角度来介绍人体的形态结构及其与体育运动的关系。 |
| ● |
| 相关链接 |
|
|
|
正题名:运动解剖学
索取号:G804.4/W352
 
预约/预借
| 序号 | 登录号 | 条形码 | 馆藏地/架位号 | 状态 | 备注 |
| 1 | 1253543 | 212535434 | 社科库409/409社科库 19排4列2层/ [索取号:G804.4/W352] | 在馆 | |
| 2 | 1253544 | 212535443 | 社科库409/409社科库 19排4列2层/ [索取号:G804.4/W352] | 在馆 | |
| 3 | 1253545 | 212535452 | 社科库409/409社科库 19排4列2层/ [索取号:G804.4/W352] | 在馆 |